Pomohou uprchlíci trhu práce?
Je možné využiť migrantov na českom trhu práce? Názory odborníkov sa líšia. Argumenty pre.
Salvato in:
| Natura: | Capitolo di libro |
|---|---|
| Lingua: | ceco |
| Soggetti: | |
| Tags: |
Nessun Tag, puoi essere il primo ad aggiungerne!!
|
MARC
| LEADER | 00000naa a2200000 4500 | ||
|---|---|---|---|
| 001 | 0208721 | ||
| 005 | 20231113134943.9 | ||
| 041 | 0 | |a cze | |
| 044 | |a CZ | ||
| 245 | 1 | 0 | |a Pomohou uprchlíci trhu práce? |
| 520 | |a Je možné využiť migrantov na českom trhu práce? Názory odborníkov sa líšia. Argumenty pre. | ||
| 610 | 2 | 0 | |a migrácia |
| 610 | 2 | 0 | |a imigrácia |
| 610 | 2 | 0 | |a trh práce |
| 610 | 2 | 0 | |a Česko |